00337nam a2200121Ia 4500008004100000040001800041041000800059100001700067245004200084260004700126300001800173650002400191130821s1971 fr gr fre  aCo-BoUCMbspa afre aVauvenargues aRéflexions et maximescVauvenargues aParís (Francia)bLe livre de Pochec1971 a314 páginas04aLiteratura francesa